| 000 | 00419nam a2200169Ia 4500 | ||
|---|---|---|---|
| 001 | 23387 | ||
| 005 | 20260414150934.0 | ||
| 008 | 260414t2016||||xx |||||||||||||| ||spa|| | ||
| 041 | _aESP | ||
| 082 |
_a630.7985 _bS38 |
||
| 110 | _aDurand Arp-Nissen, José Francisco | ||
| 245 | 0 |
_aPerĂș : _bel problema agrario en debate SEPIA XVI |
|
| 260 | _c2016 | ||
| 650 | _aTCA | ||
| 654 | _aCII | ||
| 942 |
_cLIB _dJUS _fJUS _2ddc _n |
||
| 999 |
_c23387 _d23387 |
||